[Event "Singapore-ch op"]
[Site "Singapore"]
[Date "2010.01.13"]
[Round "5"]
[White "Lo, Kin Mun Dominic"]
[Black "Koh, Jonathan"]
[Result "1/2-1/2"]
[WhiteElo "2202"]
[BlackElo "2189"]
[PlyCount "55"]
[EventDate "2010.01.09"]
[EventType "swiss"]
[EventRounds "7"]
[EventCountry "SIN"]
[SourceTitle "CBM 134 Extra"]
[Source "ChessBase"]
[SourceDate "2010.03.03"]
[SourceVersion "1"]
[SourceVersionDate "2010.03.03"]
[SourceQuality "1"]

1. d4 Nf6 2. Nf3 c5 3. c4 e6 4. d5 b5 5. dxe6 fxe6 6. cxb5 d5 7. Bg5 Nbd7 8. g3 Qa5+ 9. Qd2 Qxb5 10. Nc3 Qb6 11. Bg2 Be7 12. 0-0 0-0 13. Rac1 Bb7 14. b3 Qc6 15. Qc2 Rac8 16. Qb1 Qa6 17. Rfe1 d4 18. Na4 Be4 19. Qb2 h6 20. Bxf6 Nxf6 21. Qd2 Nd5 22. Qd1 Qb7 23. Qd2 e5 24. Rf1 Nb4 25. h4 Bd5 26. Bh3 e4 27. Ne5 Bd6 28. Nd7 1/2-1/2

[Event "Asia-chT 16th Tata Steel"]
[Site "Kolkata"]
[Date "2009.12.23"]
[Round "2"]
[White "Shrestha, Rajendra Prasad"]
[Black "Lo, Kin Mun Dominic"]
[Result "0-1"]
[WhiteElo "1982"]
[BlackElo "2174"]
[PlyCount "62"]
[EventDate "2009.12.22"]
[EventType "team-swiss"]
[EventRounds "7"]
[EventCountry "IND"]
[SourceTitle "EXT 2020"]
[Source "ChessBase"]
[SourceDate "2019.10.17"]
[SourceVersion "1"]
[SourceVersionDate "2019.10.17"]
[SourceQuality "1"]
[WhiteTeam "Nepal"]
[BlackTeam "Singapore"]
[WhiteTeamCountry "NEP"]
[BlackTeamCountry "SIN"]

1. e4 c5 2. Nf3 Nc6 3. d4 cxd4 4. Nxd4 Nf6 5. Nc3 e6 6. Be3 Bb4 7. f3 d5 8. Nxc6 bxc6 9. e5 Nd7 10. f4 c5 11. Bd2 0-0 12. Be2 Qb6 13. Na4 Qc6 14. c3 Ba5 15. 0-0 Ba6 16. b3 Bxe2 17. Qxe2 c4 18. Rac1 Rab8 19. Qd1 Nb6 20. Nb2 cxb3 21. axb3 Nc4 22. Nxc4 dxc4 23. b4 Bb6+ 24. Kh1 Rfd8 25. Qe2 Rd3 26. Be1 Rbd8 27. Rc2 Re3 28. Qg4 Qe4 29. Rc1 Re2 30. h4 Rd3 31. h5 Rxg2 0-1

[Event "Commonwealth op"]
[Site "Singapore"]
[Date "2009.12.14"]
[Round "9"]
[White "Solomons, Anzel"]
[Black "Lo, Kin Mun Dominic"]
[Result "0-1"]
[WhiteElo "1932"]
[BlackElo "2174"]
[PlyCount "68"]
[EventDate "2009.12.10"]
[EventType "swiss"]
[EventRounds "9"]
[EventCountry "SIN"]
[SourceTitle "CBM 133 Extra"]
[Source "ChessBase"]
[SourceDate "2010.01.05"]
[SourceVersion "1"]
[SourceVersionDate "2010.01.05"]
[SourceQuality "1"]

1. d4 Nf6 2. c4 g6 3. Nc3 Bg7 4. e4 d6 5. Nf3 0-0 6. Be2 e5 7. 0-0 exd4 8. Nxd4 Re8 9. Bf3 Nbd7 10. Re1 Ne5 11. Qe2 Nfd7 12. Be3 Nxf3+ 13. Qxf3 Ne5 14. Qe2 Ng4 15. Qd2 Nxe3 16. Qxe3 c6 17. Rad1 Qc7 18. h3 Bd7 19. b4 Rad8 20. b5 Qa5 21. bxc6 bxc6 22. Rb1 Qc5 23. Nb3 Qxc4 24. Rec1 Bxc3 25. Rxc3 Qxe4 26. Qxe4 Rxe4 27. Rd3 d5 28. Nc5 Rc4 29. Nb7 Rb8 30. Rdb3 Rc2 31. a4 d4 32. a5 Be6 33. Rb4 c5 34. Rb5 d3 0-1

[Event "Commonwealth op"]
[Site "Singapore"]
[Date "2009.12.11"]
[Round "4"]
[White "Lazarus, Benjamin"]
[Black "Lo, Kin Mun Dominic"]
[Result "1-0"]
[WhiteElo "2168"]
[BlackElo "2174"]
[PlyCount "89"]
[EventDate "2009.12.10"]
[EventType "swiss"]
[EventRounds "9"]
[EventCountry "SIN"]
[SourceTitle "CBM 133 Extra"]
[Source "ChessBase"]
[SourceDate "2010.01.05"]
[SourceVersion "1"]
[SourceVersionDate "2010.01.05"]
[SourceQuality "1"]

1. e4 c5 2. Nf3 Nc6 3. Bb5 Na5 4. Be2 e6 5. c4 Qc7 6. Nc3 a6 7. 0-0 Ne7 8. a3 Ng6 9. d3 Be7 10. Be3 0-0 11. Rc1 Nf4 12. Re1 Nxe2+ 13. Rxe2 b6 14. Na4 e5 15. b4 Nb7 16. Nc3 d6 17. a4 a5 18. bxc5 bxc5 19. Rb2 Nd8 20. Nd5 Qa7 21. Rcb1 f5 22. Nb6 Rb8 23. Nxc8 Rxc8 24. exf5 Qd7 25. Nd2 Nc6 26. g4 Nb4 27. Ne4 d5 28. Ng3 h6 29. Re2 Rfd8 30. Re1 Kh7 31. Qe2 Qxa4 32. g5 Bf8 33. gxh6 gxh6 34. Qg4 Qe8 35. Kh1 Rc7 36. Nh5 Qf7 37. Rg1 Rd6 38. Rg3 Nxd3 39. f6 d4 40. Qf5+ Kh8 41. Rg7 Bxg7 42. fxg7+ Qxg7 43. Nxg7 dxe3 44. Rb8+ Kxg7 45. Qf8+ 1-0

[Event "Commonwealth op"]
[Site "Singapore"]
[Date "2009.12.11"]
[Round "3"]
[White "Lo, Kin Mun Dominic"]
[Black "Saurabh, Kherdekar"]
[Result "0-1"]
[WhiteElo "2174"]
[BlackElo "2274"]
[PlyCount "116"]
[EventDate "2009.12.10"]
[EventType "swiss"]
[EventRounds "9"]
[EventCountry "SIN"]
[SourceTitle "CBM 133 Extra"]
[Source "ChessBase"]
[SourceDate "2010.01.05"]
[SourceVersion "1"]
[SourceVersionDate "2010.01.05"]
[SourceQuality "1"]

1. Nf3 d5 2. b4 e6 3. Bb2 Nf6 4. a3 Be7 5. e3 0-0 6. c4 b6 7. Nc3 Bb7 8. Be2 Nbd7 9. 0-0 c5 10. bxc5 Nxc5 11. cxd5 Nxd5 12. Nxd5 Qxd5 13. Ne1 Qd7 14. Bd4 Rac8 15. Rb1 Ne4 16. Bb5 Qd5 17. Bd3 e5 18. Rb5 Nc5 19. Bxc5 Rxc5 20. Rxc5 Bxc5 21. Qc2 e4 22. Bc4 Qh5 23. a4 Bd6 24. g3 Rc8 25. Qb3 Rc7 26. Ng2 Qc5 27. Bb5 a6 28. Be2 Qb4 29. Qa2 Qa5 30. Qb1 Bb4 31. d3 Qxa4 32. dxe4 a5 33. Nf4 Qc2 34. Bd3 Qxb1 35. Rxb1 Rd7 36. h4 h6 37. Bb5 Bxe4 38. Bxd7 Bxb1 39. Nd5 Bc5 40. Bb5 Bc2 41. Nc3 Kf8 42. Kf1 Ke7 43. Ke2 Kd6 44. Kd2 Bf5 45. f4 Bb4 46. Be2 Be4 47. g4 Kc5 48. g5 a4 49. Bd1 Kc4 50. Bxa4 Bxc3+ 51. Ke2 b5 52. Bd1 b4 53. f5 Bxf5 54. Kf3 Bd3 55. Kg4 hxg5 56. Kxg5 b3 57. Bxb3+ Kxb3 58. h5 Bf6+ 0-1

[Event "Ho Chi Minh City op"]
[Site "Ho Chi Minh City"]
[Date "2009.12.07"]
[Round "8"]
[White "Lo, Kin Mun Dominic"]
[Black "Nguyen, Thanh Son"]
[Result "0-1"]
[WhiteElo "2154"]
[BlackElo "2362"]
[PlyCount "152"]
[EventDate "2009.12.03"]
[EventType "swiss"]
[EventRounds "9"]
[EventCountry "VIE"]
[SourceTitle "CBM 133 Extra"]
[Source "ChessBase"]
[SourceDate "2010.01.05"]
[SourceVersion "1"]
[SourceVersionDate "2010.01.05"]
[SourceQuality "1"]

1. e4 c5 2. Nf3 e6 3. c4 Nc6 4. Nc3 Nd4 5. d3 Ne7 6. Nxd4 cxd4 7. Ne2 Nc6 8. a3 a5 9. b3 Bc5 10. g3 Rb8 11. Bg2 b5 12. 0-0 0-0 13. Kh1 bxc4 14. bxc4 Qb6 15. f4 Qb3 16. Qd2 f5 17. Ra2 Ba6 18. Ng1 fxe4 19. Bxe4 Ne7 20. Qxa5 Qxa2 21. Qxc5 Nf5 22. g4 Ne3 23. Bxe3 dxe3 24. Qxe3 Bb7 25. Nf3 Qxa3 26. Ng5 Bxe4+ 27. Qxe4 Qa8 28. Kg2 h6 29. Qxa8 Rxa8 30. Ne4 Ra2+ 31. Kg3 Kf7 32. h4 Ra3 33. Rf3 d5 34. cxd5 exd5 35. Nd6+ Ke6 36. Nb5 Ra4 37. f5+ Kd7 38. Nc3 Ra5 39. Ne2 Kd6 40. Nd4 Ra4 41. Rf4 Ra2 42. Ne6 Rf7 43. Rb4 Ke5 44. Kf3 Ra3 45. Nf4 h5 46. Ng6+ Kd6 47. Nf4 hxg4+ 48. Kxg4 Ra1 49. Ne2 Kc5 50. Rb2 Rf1 51. Rc2+ Kd6 52. Nd4 Rb7 53. Rc6+ Kd7 54. Rc5 Kd6 55. Rc6+ Ke7 56. Ne6 Rb2 57. d4 Rg2+ 58. Kh3 Rgg1 59. Kh2 Kf6 60. Nf4+ Kxf5 61. Ne2 Rg4 62. Ng3+ Rxg3 63. Kxg3 Ke4 64. Re6+ Kxd4 65. Kg4 Kc5 66. Re8 d4 67. Rc8+ Kb4 68. Rd8 Kc3 69. Rc8+ Kd2 70. Kg5 Rg1+ 71. Kf4 d3 72. Kf3 Rf1+ 73. Kg2 Rf7 74. Rc5 Kd1 75. Kg3 d2 76. h5 Re7 0-1

[Event "Ho Chi Minh City op"]
[Site "Ho Chi Minh City"]
[Date "2009.12.07"]
[Round "7"]
[White "Otte, Marijn Willem"]
[Black "Lo, Kin Mun Dominic"]
[Result "0-1"]
[WhiteElo "2298"]
[BlackElo "2154"]
[PlyCount "138"]
[EventDate "2009.12.03"]
[EventType "swiss"]
[EventRounds "9"]
[EventCountry "VIE"]
[SourceTitle "CBM 133 Extra"]
[Source "ChessBase"]
[SourceDate "2010.01.05"]
[SourceVersion "1"]
[SourceVersionDate "2010.01.05"]
[SourceQuality "1"]

1. e4 c5 2. Nf3 Nc6 3. Nc3 Nf6 4. e5 Ng4 5. Qe2 Qc7 6. Nb5 Qb8 7. d4 a6 8. Nd6+ exd6 9. exd6+ Kd8 10. dxc5 Bxd6 11. Ng5 Bxc5 12. Nxf7+ Kc7 13. Qxg4 Re8+ 14. Be2 Re7 15. Qg3+ d6 16. Be3 Bxe3 17. Nxd6 Bd4 18. Nc4+ Kd8 19. Qd3 Qf4 20. Ne3 Rxe3 21. fxe3 Qxe3 22. c3 Qxd3 23. Bxd3 Bf6 24. Bxh7 Be6 25. 0-0-0+ Kc7 26. Kb1 a5 27. Rhe1 Bg4 28. Rd3 Rh8 29. h3 Ne5 30. Rd5 Be6 31. Rdxe5 Bxe5 32. Rxe5 Kd6 33. Rxe6+ Kxe6 34. Be4 b6 35. Kc2 Ke5 36. Bc6 Rc8 37. Bf3 g5 38. Kb3 Kd6 39. c4 Rc5 40. a3 Ke5 41. Kc3 b5 42. Bd5 Rc8 43. Kd3 Rd8 44. Kc3 Rc8 45. b3 Rc7 46. Kd3 Rc8 47. Bb7 Rd8+ 48. Kc3 b4+ 49. axb4 axb4+ 50. Kc2 Rd7 51. Bf3 Kd4 52. Kb2 Re7 53. Kc2 Re5 54. Kd2 Ra5 55. Bd1 Re5 56. g3 Re3 57. h4 Rxg3 58. hxg5 Rg2+ 59. Be2 Rxg5 60. c5 Rxc5 61. Bc4 Rh5 62. Bf1 Rh2+ 63. Kc1 Kc3 64. Kb1 Rh1 65. Ka2 Kc2 66. Bb5 Kc1 67. Be8 Rh7 68. Ba4 Ra7 69. Ka1 Rxa4+ 0-1

[Event "Ho Chi Minh City op"]
[Site "Ho Chi Minh City"]
[Date "2009.12.03"]
[Round "1"]
[White "Lo, Kin Mun Dominic"]
[Black "Nguyen, Van Huy"]
[Result "1/2-1/2"]
[WhiteElo "2154"]
[BlackElo "2414"]
[PlyCount "53"]
[EventDate "2009.12.03"]
[EventType "swiss"]
[EventRounds "9"]
[EventCountry "VIE"]
[SourceTitle "CBM 133 Extra"]
[Source "ChessBase"]
[SourceDate "2010.01.05"]
[SourceVersion "1"]
[SourceVersionDate "2010.01.05"]
[SourceQuality "1"]

1. e4 c5 2. Nf3 Nc6 3. d4 cxd4 4. Nxd4 g6 5. c4 Bg7 6. Be3 Nf6 7. Nc3 0-0 8. Be2 d6 9. 0-0 Bd7 10. Qd2 Nxd4 11. Bxd4 Bc6 12. f3 a5 13. b3 Nd7 14. Be3 Nc5 15. Rab1 Qb6 16. Rfc1 Rfc8 17. Rc2 Qd8 18. a3 h5 19. b4 axb4 20. axb4 Na4 21. Nxa4 Bxa4 22. Ra2 Bd7 23. Rxa8 Rxa8 24. c5 Be6 25. Bf1 Ra2 26. Qd1 Qa8 27. Kh1 1/2-1/2

[Event "Ho Chi Minh City zt 3.3"]
[Site "Ho Chi Minh City"]
[Date "2009.07.26"]
[Round "6"]
[White "Lo, Kin Mun Dominic"]
[Black "Ly, Hong Nguyen"]
[Result "1/2-1/2"]
[WhiteElo "2154"]
[BlackElo "2302"]
[PlyCount "79"]
[EventDate "2009.07.23"]
[EventType "swiss"]
[EventRounds "9"]
[EventCountry "VIE"]
[SourceTitle "CBM 131 Extra"]
[Source "ChessBase"]
[SourceDate "2009.09.03"]
[SourceVersion "2"]
[SourceVersionDate "2009.09.16"]
[SourceQuality "1"]

1. e4 c5 2. Nf3 d6 3. d4 cxd4 4. Nxd4 Nf6 5. f3 Qb6 6. c4 g6 7. Nc3 Bg7 8. Be3 Qd8 9. Qd2 Nc6 10. Be2 0-0 11. 0-0 Bd7 12. Rfd1 Nxd4 13. Bxd4 Bc6 14. b4 Ne8 15. Be3 Nc7 16. a4 Ne6 17. a5 Re8 18. Rac1 Qc8 19. Bf1 Nc7 20. Qf2 Qb8 21. g3 Rd8 22. Nb5 Nxb5 23. cxb5 Bd7 24. Rd2 b6 25. axb6 axb6 26. Bxb6 Rc8 27. Rxc8+ Qxc8 28. Ba5 Qb7 29. Rc2 Bxb5 30. Rc7 Qa6 31. Kg2 Bf6 32. Bxb5 Qxb5 33. Qc2 Kg7 34. Qc4 Qe5 35. f4 Qb2+ 36. Qc2 Qd4 37. Rc4 Qe3 38. Qf2 Qd3 39. Qc2 Qe3 40. Qf2 1/2-1/2

[Event "SIN-ch"]
[Site "Singapore"]
[Date "2009.01.07"]
[Round "6"]
[White "Lo, Kin Mun Dominic"]
[Black "Fernandez, Daniel Howard"]
[Result "1/2-1/2"]
[WhiteElo "2120"]
[BlackElo "2159"]
[PlyCount "105"]
[EventDate "2009.01.03"]
[EventType "swiss"]
[EventRounds "9"]
[EventCountry "SIN"]
[SourceTitle "CBM 128 Extra"]
[Source "ChessBase"]
[SourceDate "2009.03.05"]
[SourceVersion "2"]
[SourceVersionDate "2009.03.25"]
[SourceQuality "1"]

1. c4 g6 2. Nc3 Bg7 3. d4 Nf6 4. e4 0-0 5. Nf3 d6 6. Be2 e5 7. dxe5 dxe5 8. Qxd8 Rxd8 9. Bg5 c6 10. h3 Na6 11. Be3 Nh5 12. 0-0 Nf4 13. Rfd1 Nxe2+ 14. Nxe2 Be6 15. b3 b6 16. Ng5 Bd7 17. Rd2 Be8 18. Rad1 Rxd2 19. Rxd2 Bf8 20. Nf3 Bb4 21. Rd1 f6 22. Bc1 Be7 23. Nc3 Nb4 24. Kf1 Rd8 25. Rxd8 Bxd8 26. Ke2 Bc7 27. a3 Na6 28. b4 Bf7 29. Kd3 Bd6 30. Nd2 Nc7 31. Bb2 Be7 32. Nb3 h5 33. Ne2 Ne6 34. Bc3 Kg7 35. a4 Bd6 36. b5 cxb5 37. axb5 h4 38. Bd2 f5 39. f3 Kf6 40. Nc3 Nc7 41. Nd5+ Nxd5 42. exd5 g5 43. Bc3 g4 44. fxg4 fxg4 45. Nd2 gxh3 46. gxh3 Bg6+ 47. Ne4+ Ke7 48. Be1 Bf5 49. Bxh4+ Kd7 50. Be1 Bxh3 51. Nxd6 Kxd6 52. Bb4+ Kd7 53. c5 1/2-1/2

[Event "SIN-ch"]
[Site "Singapore"]
[Date "2009.01.04"]
[Round "3"]
[White "Lo, Kin Mun Dominic"]
[Black "Liu, Yang Hazel"]
[Result "1-0"]
[WhiteElo "2120"]
[BlackElo "2030"]
[PlyCount "45"]
[EventDate "2009.01.03"]
[EventType "swiss"]
[EventRounds "9"]
[EventCountry "SIN"]
[SourceTitle "CBM 128 Extra"]
[Source "ChessBase"]
[SourceDate "2009.03.05"]
[SourceVersion "2"]
[SourceVersionDate "2009.03.25"]
[SourceQuality "1"]

1. e4 c5 2. Nf3 e6 3. c4 Nc6 4. Nc3 Nf6 5. Be2 d5 6. exd5 exd5 7. d4 cxd4 8. Nxd4 dxc4 9. Nxc6 Qxd1+ 10. Bxd1 bxc6 11. Bf3 Bb7 12. 0-0 0-0-0 13. Be3 Kb8 14. b3 cxb3 15. Rfb1 Bb4 16. Rxb3 Bxc3 17. Rab1 Be5 18. Rxb7+ Kc8 19. Rxa7 Bb8 20. Rab7 Be5 21. Bxc6 Ng4 22. Bf3 Nxe3 23. Rc1+ 1-0

[Event "SIN-ch"]
[Site "Singapore"]
[Date "2009.01.03"]
[Round "1"]
[White "Lo, Kin Mun Dominic"]
[Black "Goh, Wei Ming Kevin"]
[Result "0-1"]
[WhiteElo "2120"]
[BlackElo "2413"]
[PlyCount "90"]
[EventDate "2009.01.03"]
[EventType "swiss"]
[EventRounds "9"]
[EventCountry "SIN"]
[SourceTitle "CBM 128 Extra"]
[Source "ChessBase"]
[SourceDate "2009.03.05"]
[SourceVersion "2"]
[SourceVersionDate "2009.03.25"]
[SourceQuality "1"]

1. c4 e6 2. e4 c5 3. Nf3 Nc6 4. Nc3 Nf6 5. Be2 Qc7 6. 0-0 a6 7. d4 cxd4 8. Nxd4 Be7 9. Be3 0-0 10. Qd2 Ne5 11. Rac1 d6 12. f3 b6 13. Rc2 Bb7 14. Rb1 Rac8 15. b4 Qd7 16. Nd1 Nxe4 17. fxe4 Bxe4 18. Rbc1 Qb7 19. Bf1 Bxc2 20. Rxc2 Rfd8 21. Nb3 d5 22. cxd5 Rxc2 23. Qxc2 exd5 24. b5 Nc4 25. bxa6 Qxa6 26. Bd4 b5 27. Ne3 Bf6 28. Nf5 g6 29. Bxf6 Qxf6 30. Nfd4 Ra8 31. Qe2 b4 32. g3 Nd6 33. Bg2 Ne4 34. Bxe4 dxe4 35. Kg2 Qe5 36. Nc6 Qd6 37. Ncd4 Qd5 38. Kg1 Rc8 39. Qb5 Qxb5 40. Nxb5 Rc2 41. h4 Rxa2 42. Kf1 Kg7 43. N5d4 Kf6 44. Nc5 Ke5 45. Ncb3 Kd5 0-1

[Event "SIN-ch"]
[Site "Singapore"]
[Date "2009.01.03"]
[Round "2"]
[White "Muhd, Haikal"]
[Black "Lo, Kin Mun Dominic"]
[Result "0-1"]
[WhiteElo "1930"]
[BlackElo "2120"]
[PlyCount "88"]
[EventDate "2009.01.03"]
[EventType "swiss"]
[EventRounds "9"]
[EventCountry "SIN"]
[SourceTitle "CBM 128 Extra"]
[Source "ChessBase"]
[SourceDate "2009.03.05"]
[SourceVersion "2"]
[SourceVersionDate "2009.03.25"]
[SourceQuality "1"]

1. e4 c5 2. Nf3 Nc6 3. Bb5 Na5 4. 0-0 a6 5. Be2 e6 6. c4 Qc7 7. Nc3 Nf6 8. b3 Nc6 9. Bb2 Bd6 10. h3 0-0 11. d4 cxd4 12. Nxd4 Be5 13. Nxc6 dxc6 14. Qc2 c5 15. Bd3 Rd8 16. Rad1 b6 17. Ne2 Bxb2 18. Qxb2 e5 19. Nc3 Rd4 20. Ne2 Rd8 21. Nc3 Qe7 22. Rfe1 Rd4 23. Ne2 Rd6 24. Nc3 Nh5 25. Nd5 Qg5 26. Re3 Bb7 27. Be2 Rg6 28. Bg4 Re8 29. g3 Bxd5 30. exd5 Nf6 31. Bf3 h5 32. Be4 Nxe4 33. Rxe4 Qf5 34. Rde1 Qxh3 35. Rxe5 Rf8 36. Re8 Rxe8 37. Rxe8+ Kh7 38. Qe5 Qg4 39. Qb8 Qd1+ 40. Kg2 Rf6 41. Rh8+ Kg6 42. Qg8 Qf3+ 43. Kh2 Qxf2+ 44. Kh3 Qf1+ 0-1

[Event "Singapore U20-Myanmar 2nd"]
[Site "Singapore"]
[Date "2008.05.01"]
[Round "9"]
[White "Zaw, Win Lay"]
[Black "Lo, Kin Mun Dominic"]
[Result "1-0"]
[WhiteElo "2574"]
[BlackElo "2118"]
[PlyCount "83"]
[EventDate "2008.04.19"]
[EventType "schev"]
[EventRounds "12"]
[EventCountry "SIN"]
[SourceTitle "EXT 2022"]
[Source "ChessBase"]
[SourceDate "2021.10.06"]
[SourceVersion "1"]
[SourceVersionDate "2021.10.06"]
[SourceQuality "1"]
[WhiteTeam "Myanmar"]
[BlackTeam "Singapore (U20)"]
[WhiteTeamCountry "MYA"]
[BlackTeamCountry "SIN"]

1. d4 Nf6 2. Bg5 Ne4 3. Bf4 c5 4. d5 Qb6 5. Bc1 g6 6. f3 Nf6 7. e4 d6 8. a4 Bg7 9. a5 Qc7 10. c4 0-0 11. Nc3 a6 12. Bd3 e6 13. Nge2 exd5 14. cxd5 Nbd7 15. 0-0 Ne5 16. Kh1 Nfd7 17. Bb1 Rb8 18. Ra4 b5 19. axb6 Nxb6 20. Ra2 Bb7 21. f4 Ned7 22. Bd3 c4 23. Bc2 Nc5 24. Be3 Nb3 25. f5 Nd7 26. Bxb3 cxb3 27. Qxb3 Ne5 28. f6 Bh8 29. Ba7 Rbc8 30. Bd4 Rfe8 31. Bxe5 Rxe5 32. Ra4 a5 33. Qb5 Ra8 34. h3 Bc8 35. Nd4 Bd7 36. Nc6 Bxc6 37. Qxc6 Qd8 38. Nb5 Rh5 39. Nxd6 Rb8 40. Rc4 Rxb2 41. Nxf7 Qb8 42. Nh6+ 1-0

[Event "Singapore U20-Myanmar 1st"]
[Site "Singapore"]
[Date "2008.04.12"]
[Round "9"]
[White "Lo, Kin Mun Dominic"]
[Black "Zaw, Win Lay"]
[Result "1/2-1/2"]
[WhiteElo "2122"]
[BlackElo "2574"]
[PlyCount "64"]
[EventDate "2008.03.29"]
[EventType "schev"]
[EventRounds "12"]
[EventCountry "SIN"]
[SourceTitle "EXT 2022"]
[Source "ChessBase"]
[SourceDate "2021.10.06"]
[SourceVersion "1"]
[SourceVersionDate "2021.10.06"]
[SourceQuality "1"]
[WhiteTeam "Singapore (U20)"]
[BlackTeam "Myanmar"]
[WhiteTeamCountry "SIN"]
[BlackTeamCountry "MYA"]

1. e4 c5 2. Nf3 e6 3. c4 d5 4. exd5 exd5 5. d4 cxd4 6. Qxd4 Nf6 7. cxd5 Qxd5 8. Nc3 Qxd4 9. Nxd4 Bc5 10. Ndb5 Na6 11. Bc4 0-0 12. 0-0 Be6 13. Bxe6 fxe6 14. Na4 Nd5 15. Nxc5 Nxc5 16. b3 a6 17. Nd4 b5 18. Nf3 Rac8 19. Bb2 Nd3 20. Bd4 Nc3 21. Ne5 Rfd8 22. Bxc3 Rxc3 23. Nxd3 Rdxd3 24. g3 Rd2 25. Kg2 Rcc2 26. a4 b4 27. Rae1 Kf7 28. Re4 a5 29. Re5 Rd5 30. Rfe1 Rdd2 31. Rf1 Rd5 32. Rfe1 Rdd2 1/2-1/2

[Event "SGP-ch 60th"]
[Site "Singapore"]
[Date "2008.01.05"]
[Round "9"]
[White "Liu, Yang Hazel"]
[Black "Lo, Kin Mun Dominic"]
[Result "1/2-1/2"]
[WhiteElo "2056"]
[BlackElo "2151"]
[PlyCount "92"]
[EventDate "2007.12.29"]
[EventType "swiss"]
[EventRounds "9"]
[EventCountry "SIN"]
[SourceTitle "EXT 2022"]
[Source "ChessBase"]
[SourceDate "2021.10.06"]
[SourceVersion "1"]
[SourceVersionDate "2021.10.06"]
[SourceQuality "1"]

1. e4 c5 2. Nf3 Nc6 3. Bb5 Na5 4. d4 a6 5. Be2 cxd4 6. Nxd4 e6 7. 0-0 d6 8. c4 Qc7 9. b3 Nf6 10. Bf3 Be7 11. Bb2 0-0 12. Nd2 Bd7 13. Qe2 Rac8 14. Rfd1 Qb8 15. Bc3 Qc7 16. Rac1 Rfd8 17. h3 h6 18. Nf1 Nc6 19. Nxc6 Bxc6 20. Nh2 Nd7 21. Ng4 Bg5 22. Bd2 Ne5 23. Nxe5 dxe5 24. Bxg5 hxg5 25. Rc2 Rd4 26. Rcd2 Rcd8 27. Qe3 Rxd2 28. Rxd2 Rxd2 29. Qxd2 Qe7 30. Qd3 Kf8 31. Be2 Ke8 32. f3 Qa3 33. Qd2 f6 34. b4 Kf7 35. Kh2 Qa4 36. Qb2 Be8 37. Bd3 Qd7 38. Qc2 Qd4 39. Be2 Qe3 40. a4 Bxa4 41. Qxa4 Qxe2 42. Qd7+ Kg6 43. Qxe6 Qd2 44. b5 Qf4+ 45. Kg1 Qc1+ 46. Kh2 Qf4+ 1/2-1/2

[Event "SGP-ch 60th"]
[Site "Singapore"]
[Date "2008.01.04"]
[Round "8"]
[White "Lo, Kin Mun Dominic"]
[Black "Chua, Xing Jian Graham"]
[Result "1/2-1/2"]
[WhiteElo "2151"]
[BlackElo "2065"]
[PlyCount "92"]
[EventDate "2007.12.29"]
[EventType "swiss"]
[EventRounds "9"]
[EventCountry "SIN"]
[SourceTitle "EXT 2022"]
[Source "ChessBase"]
[SourceDate "2021.10.06"]
[SourceVersion "1"]
[SourceVersionDate "2021.10.06"]
[SourceQuality "1"]

1. e4 c5 2. Ne2 Nc6 3. Nbc3 e5 4. g3 g6 5. Bg2 Bg7 6. d3 Nge7 7. 0-0 d6 8. Bg5 0-0 9. Nd5 f6 10. Be3 Nxd5 11. exd5 Ne7 12. Rb1 Qc7 13. c4 Bd7 14. Nc3 a6 15. a4 f5 16. f4 Rab8 17. Qe2 b6 18. Kh1 h6 19. Rfe1 Rfe8 20. h4 Kh7 21. Qd2 exf4 22. Bxf4 Ng8 23. Rxe8 Rxe8 24. Re1 Be5 25. Bxe5 dxe5 26. b3 Nf6 27. Qf2 Qd6 28. Bf3 Kg7 29. Kg2 g5 30. Qd2 f4 31. hxg5 hxg5 32. gxf4 exf4 33. Rxe8 Bxe8 34. Ne4 Qe5 35. Qc3 Qxc3 36. Nxc3 g4 37. Be4 Bd7 38. d6 Kh6 39. Bb7 Kg5 40. Ne4+ Nxe4 41. dxe4 Kf6 42. Bxa6 Ke5 43. Bb5 Bxb5 44. cxb5 Kxd6 45. Kf2 f3 46. Ke3 Ke6 1/2-1/2

[Event "SGP-ch 60th"]
[Site "Singapore"]
[Date "2007.12.31"]
[Round "5"]
[White "Fernandez, Daniel Howard"]
[Black "Lo, Kin Mun Dominic"]
[Result "1/2-1/2"]
[WhiteElo "2102"]
[BlackElo "2151"]
[PlyCount "58"]
[EventDate "2007.12.29"]
[EventType "swiss"]
[EventRounds "9"]
[EventCountry "SIN"]
[SourceTitle "EXT 2022"]
[Source "ChessBase"]
[SourceDate "2021.10.06"]
[SourceVersion "1"]
[SourceVersionDate "2021.10.06"]
[SourceQuality "1"]

1. e4 c5 2. Nf3 Nc6 3. d4 cxd4 4. Nxd4 e5 5. Nb5 d6 6. N1c3 a6 7. Na3 b5 8. Nd5 Nf6 9. c4 b4 10. Nxf6+ Qxf6 11. Nc2 Qg6 12. Qd5 Bb7 13. Nxb4 Nd8 14. Qd1 Qxe4+ 15. Be3 Be7 16. Nd5 Bh4 17. Qd3 Qxd3 18. Bxd3 Ne6 19. 0-0 0-0 20. g3 Bg5 21. f4 Bd8 22. fxe5 dxe5 23. Be4 Rb8 24. b4 Nd4 25. a3 Bxd5 26. Bxd5 Nc2 27. Bc5 Bb6 28. Bxb6 Rxb6 29. Ra2 Ne3 1/2-1/2

[Event "SGP-ch 60th"]
[Site "Singapore"]
[Date "2007.12.30"]
[Round "3"]
[White "Goh, Wei Ming Kevin"]
[Black "Lo, Kin Mun Dominic"]
[Result "1-0"]
[WhiteElo "2396"]
[BlackElo "2151"]
[PlyCount "49"]
[EventDate "2007.12.29"]
[EventType "swiss"]
[EventRounds "9"]
[EventCountry "SIN"]
[SourceTitle "EXT 2022"]
[Source "ChessBase"]
[SourceDate "2021.10.06"]
[SourceVersion "1"]
[SourceVersionDate "2021.10.06"]
[SourceQuality "1"]

1. e4 c5 2. Nf3 Nc6 3. Nc3 e6 4. d4 cxd4 5. Nxd4 Nf6 6. Be2 Bb4 7. 0-0 0-0 8. Nxc6 bxc6 9. e5 Nd5 10. Ne4 f5 11. Nd6 Bxd6 12. exd6 Qf6 13. c4 Nb6 14. Be3 Qxb2 15. Bd4 Qb4 16. Rb1 Qa5 17. f4 Ba6 18. Rf3 Nxc4 19. Rg3 Rf7 20. Bh5 Raf8 21. Bxf7+ Rxf7 22. Qh5 e5 23. Bxe5 Qxa2 24. Ra1 Qd2 25. Rxg7+ 1-0

[Event "SGP-ch 60th"]
[Site "Singapore"]
[Date "2007.12.29"]
[Round "1"]
[White "Lo, Kin Mun Dominic"]
[Black "Chan, Wei Yi Victoria"]
[Result "1-0"]
[WhiteElo "2151"]
[BlackElo "1879"]
[PlyCount "123"]
[EventDate "2007.12.29"]
[EventType "swiss"]
[EventRounds "9"]
[EventCountry "SIN"]
[SourceTitle "EXT 2022"]
[Source "ChessBase"]
[SourceDate "2021.10.06"]
[SourceVersion "1"]
[SourceVersionDate "2021.10.06"]
[SourceQuality "1"]

1. e4 c5 2. Nf3 d6 3. d4 cxd4 4. Nxd4 Nf6 5. f3 e5 6. Bb5+ Nbd7 7. Nf5 d5 8. exd5 a6 9. Ba4 b5 10. Bb3 Nc5 11. Ne3 Nxb3 12. axb3 Bc5 13. Nc3 0-0 14. Qd3 Nh5 15. Ne4 Nf4 16. Qf1 Bxe3 17. Bxe3 f5 18. Nc3 b4 19. Na4 a5 20. Bxf4 exf4 21. 0-0-0 Qd6 22. Qc4 Ba6 23. Qc6 Qxc6 24. dxc6 Rac8 25. Nc5 Rxc6 26. Nxa6 Rxa6 27. Rhe1 Ra7 28. Rd5 g6 29. h4 Kf7 30. Rd4 Rc8 31. Rxf4 Rac7 32. Re2 Rd8 33. Rd2 Re8 34. Rfd4 Kf6 35. Rd6+ Re6 36. f4 Rc5 37. R2d4 h6 38. Kd2 Ke7 39. Rxe6+ Kxe6 40. Kd3 Ke7 41. c3 bxc3 42. bxc3 Ke6 43. Rd8 Rc6 44. Re8+ Kd6 45. Ra8 Kd5 46. Rxa5+ Kd6 47. b4 Rb6 48. Kd4 Kc6 49. g3 h5 50. Ra7 Rb5 51. Ra6+ Kc7 52. Rxg6 Rb8 53. Kc5 Kd7 54. c4 Rc8+ 55. Kd5 Re8 56. c5 Re4 57. Rg7+ Kd8 58. b5 Re1 59. b6 Rb1 60. b7 Rb2 61. Kc6 Rb3 62. b8Q+ 1-0